The law of international institutions / (Record no. 46531)
[ view plain ]
| 000 -LEADER | |
|---|---|
| fixed length control field | 00878nam a2200277 a 4500 |
| 001 - CONTROL NUMBER | |
| control field | 46531 |
| 003 - CONTROL NUMBER IDENTIFIER | |
| rucl marc code | BD-RjUL |
| 005 - DATE AND TIME OF LATEST TRANSACTION | |
| control field | 20211209054151.0 |
| 008 - FIXED-LENGTH DATA ELEMENTS--GENERAL INFORMATION | |
| fixed length control field | 160803s1970 enkaf b 001 0 eng |
| 020 ## - INTERNATIONAL STANDARD BOOK NUMBER | |
| International Standard Book Number | 0420428100 |
| 035 ## - SYSTEM CONTROL NUMBER | |
| System control number | (BD-RjUL)46650 |
| 040 ## - CATALOGING SOURCE | |
| Original cataloging agency | DLC |
| Transcribing agency | DLC |
| Modifying agency | BD-RjUL |
| Language of cataloging | eng |
| 041 ## - LANGUAGE CODE | |
| Language code of text/sound track or separate title | eng |
| 082 00 - DEWEY DECIMAL CLASSIFICATION NUMBER | |
| Classification number | 341.2 |
| Edition number | 23 |
| Author mark and year | BOL 1970 |
| 100 1# - MAIN ENTRY--PERSONAL NAME | |
| Personal name | Bowett, D. W. |
| 9 (RLIN) | 141954 |
| 245 14 - TITLE STATEMENT | |
| Title | The law of international institutions / |
| Statement of responsibility, etc. | D. W. Bowett. |
| 250 ## - EDITION STATEMENT | |
| Edition statement | 2nd ed. |
| 260 ## - PUBLICATION, DISTRIBUTION, ETC. (IMPRINT) | |
| Place of publication, distribution, etc. | London : |
| Name of publisher, distributor, etc. | Stevens, |
| Date of publication, distribution, etc. | 1970 |
| 300 ## - PHYSICAL DESCRIPTION | |
| Pagination | xviii, 384 p. : |
| Illustrations | ill. |
| Size | 23 cm. |
| 500 ## - GENERAL NOTE | |
| General note | "Published under the auspices of the London Institute of World Affairs." |
| 504 ## - BIBLIOGRAPHY, ETC. NOTE | |
| Bibliography, etc | Includes bibliographies. |
| 650 #0 - SUBJECT ADDED ENTRY--TOPICAL TERM | |
| Topical term or geographic name as entry element | Regionalism (International organization) |
| 9 (RLIN) | 129010 |
| Topical term or geographic name as entry element | International agencies. |
| 9 (RLIN) | 141955 |
| 942 ## - ADDED ENTRY ELEMENTS (KOHA) | |
| Source of classification or shelving scheme | Dewey Decimal Classification |
| Koha item type | Books |
| Lost status | Source of classification or shelving scheme | Damaged status | Not for loan | Collection code | Permanent Location | Current Location | Shelving location | Date acquired | Source of acquisition | Cost, normal purchase price | Total Checkouts | Full call number | Date last seen | Date checked out | Copy number | Koha item type |
|---|---|---|---|---|---|---|---|---|---|---|---|---|---|---|---|---|
| Dewey Decimal Classification | Non-fiction | Central Library, University of Rajshahi | Central Library, University of Rajshahi | 03/01/1975 | Janathan wre and co, london | 3.75 | 1 | 341.2 BOL 1970 | 18/07/2023 | 18/06/2023 | C-2 | Books |